000
00281nam a22001217a 4500
008
171214b xxu||||| |||| 00| 0 eng d
041
_a
eng
080
_a
32
100
_a
19
101
_a
POL
245
_a
THE POLITICAL WRITINGS OF THOMAS JEFFERSON
_c
DUMBAULD,E
942
_2
udc
_c
BK
999
_c
38917
_d
38917